Geomatics (Record no. 120004)

MARC details
000 -LEADER
fixed length control field 00721cam a2200169 4500
001 - CONTROL NUMBER
control field WS116511
008 - FIXED-LENGTH DATA ELEMENTS--GENERAL INFORMATION
fixed length control field 020128n 000 0 eng u
035 ## - SYSTEM CONTROL NUMBER
System control number (Sirsi) u116511
245 ## - TITLE STATEMENT
Title Geomatics
520 ## - SUMMARY, ETC.
Summary, etc. Web site which aims to 'tell you more about geomatics, how it can be used and how to get started on a career in geomatics or geospatial engineering'. Includes a definition of geomatics, details of what employers are looking for and a glossary of terms.
650 ## - SUBJECT ADDED ENTRY--TOPICAL TERM
Topical term or geographic name entry element GLOSSARY
650 ## - SUBJECT ADDED ENTRY--TOPICAL TERM
Topical term or geographic name entry element CAREERS, EDUCATION AND TRAINING
650 ## - SUBJECT ADDED ENTRY--TOPICAL TERM
Topical term or geographic name entry element GEOSPATIAL ENGINEERING
690 ## - LOCAL SUBJECT ADDED ENTRY--TOPICAL TERM (OCLC, RLIN)
Topical term or geographic name as entry element Geomatics
9 (RLIN) 6242
856 40 - ELECTRONIC LOCATION AND ACCESS
Uniform Resource Identifier <a href="https://www.geomatics.org.uk">https://www.geomatics.org.uk</a>
Public note View the website free of charge at www.geomatics.org.uk...
942 ## - ADDED ENTRY ELEMENTS (KOHA)
Suppress in OPAC 0
Holdings
Withdrawn status Lost status Source of classification or shelving scheme Damaged status Not for loan Home library Current library Shelving location Date acquired Total Checkouts Full call number Barcode Date last seen Copy number Price effective from Koha item type
    Dewey Decimal Classification     Virtual Virtual Online 28/01/2002   WEB SITE 116511-2001 06/08/2019 1 06/08/2019 Online material